Normal view
MARC view
- ANALISIS OCUPACIONAL
Entry Materia
001 - NÚMERO DE CONTROL DEL REGISTRO
- campo de control: 6471
003 - IDENTIFICADOR DE NUMERO DE CONTROL
- campo de control: UPN
005 - FECHA Y HORA DE LA ÚLTIMA TRANSACCIÓN
- campo de control: 20210219193702.0
008 - DATOS DE LONGITUD FIJA
- campo de control de longitud fija: nabaccnnaabn|||||||||| b |nc|||||d
035 ## - NÚMERO DE CONTROL DEL SISTEMA
- Número de control del sistema: UPN10000006473
040 ## - FUENTE DE LA CATALOGACIÓN
- Lengua de catalogación: SPA
- Agencia de transcripción: UPN
053 #4 - NÚMERO CLASIFICADOR - BIBLIOTECA DEL CONGRESO (LC)
- Elemento numérico de la clasificación - Número único o no. inicial del rango: HF5549.5 J6
150 ## - ENCABEZAMIENTO - TEMÁTICO
- Término de materia o nombre geográfico como elemento inicial: ANALISIS OCUPACIONAL
360 ## - REFERENCIA COMPLEJA DE VÉASE ADEMÁS - MATERIA
- Texto explicativo: Usase para las obras sobre el proceso de hacer estudios detallados de cargos para determinar obligaciones, condiciones de trabajo y calificaciones requeridas para su desempeño. Obras sobre la evaluación del valor relativo del trabajo individual dentro de una organización con fines de determinar salarios, promociones, etc. aparecen bajo
- Encabezamiento al que se remite: EVALUACION DEL TRABAJO
670 ## - FUENTE EN LA QUE SE LOCALIZARON DATOS
- Cita de la fuente: A
902 ## - CATALOGADOR
- Catalogador: MMA/291003
